| 000 -LEADER |
| fixed length control field |
00904cam a2200265 a 4500 |
| 020 ## - INTERNATIONAL STANDARD BOOK NUMBER |
| ISBN |
0958665745 |
| 040 ## - CATALOGING SOURCE |
| Transcribing agency |
DLC |
| 082 00 - DEWEY DECIMAL CLASSIFICATION NUMBER |
| Classification number |
940 OCE 1999 A099 Or. |
| 245 03 - TITLE STATEMENT |
| Title |
El Tigre : |
| Remainder of title |
Frank Holland, M.B.E. - commando, coastwatcher / |
| 260 ## - PUBLICATION, DISTRIBUTION, ETC. (IMPRINT) |
| Place of publication |
Yarram, Vic., Australia : |
| Name of publisher |
Oceans Enterprises, |
| Year of publication |
[1999] |
| 300 ## - PHYSICAL DESCRIPTION |
| Number of Pages |
193, [32] p. : |
| Other physical details |
ill., maps ; |
| Dimensions |
25 cm. |
| 500 ## - GENERAL NOTE |
| General note |
"Based on the files of Lt. Frank Holland"--P. [iii]. |
| 500 ## - GENERAL NOTE |
| General note |
"Wartime rescue operations in New Britain"--P. [iii]. |
| 500 ## - GENERAL NOTE |
| General note |
"'Z' Special Unit operations in Portugese Timor and Borneo"--P. [iii]. |
| 650 #0 - SUBJECT ADDED ENTRY--TOPICAL TERM |
| Topical Term |
World War, 1939-1945 |
| 650 #0 - SUBJECT ADDED ENTRY--TOPICAL TERM |
| Topical Term |
World War, 1939-1945 |
| 650 #0 - SUBJECT ADDED ENTRY--TOPICAL TERM |
| Topical Term |
World War, 1939-1945 |
| 650 #0 - SUBJECT ADDED ENTRY--TOPICAL TERM |
| Topical Term |
Commando troops |
| 650 #0 - SUBJECT ADDED ENTRY--TOPICAL TERM |
| Topical Term |
Special forces (Military science) |
| 700 1# - ADDED ENTRY--PERSONAL NAME |
| Personal name |
Stone, Peter, |
| 700 1# - ADDED ENTRY--PERSONAL NAME |
| Personal name |
Holland, Mabel. |
| 700 1# - ADDED ENTRY--PERSONAL NAME |
| Personal name |
Holland, John, |
| 700 1# - ADDED ENTRY--PERSONAL NAME |
| Personal name |
Holland, Frank, |
| 942 ## - ADDED ENTRY ELEMENTS (KOHA) |
| Koha item type |
សៀវភៅភាសាអង់គ្លេស |
| 952 ## - LOCATION AND ITEM INFORMATION (KOHA) |
| Withdrawn status [LOCAL, KOHA] |
0 |